00391nam a22001337a 450000500170000000800410001704100240005808200130008210000250009524500520012026000350017230000250020765000250023220240215091537.0240215b |||||||| |||| 00| 0 eng d aAfrikaans/ English  a349 TYD  lAfrikaans / English  aTydskrif vir Hedendaagse Romeins-Hollandse Reg  aDurban : bButterworth, c2010 b175 pages ; c25 cm. aLegal practice bLaw